000 01508nam a2200289 i 4500
003 IT-RoINE
005 20200515100825.0
008 000401s1968 it |r 1 1|||ita|d
040 _aSpMaBN
_cCDM IT-RoINE
_dIT-RoINE
041 0 _afre
_aita
_alat
110 2 _aUniversità cattolica del Sacro Cuore.
_bCentro di studi medioevali.
_bSettimana internazionale di studio
_n(3ª.
_d1965.
_cPasso della Mendola, Italia)
_951717
245 1 2 _aI laici nella "Societas christiana" dei secoli XI e XII :
_batti della terza Settimana internazionale di studio, Mendola, 21-27 agosto 1965.
260 _aMilano :
_bVita e Pensiero,
_c[1968]
300 _aXVII, 785 p. ;
_c24 cm.
336 _2rdacontent
_atext
337 _2rdamedia
_aunmediated
338 _2rdacarrier
_avolume
490 1 _aPubblicazioni dell'Università cattolica del Sacro Cuore.
_aContributi.
_aSerie terza,
_aVaria ;
_v5
490 1 _aPubblicazioni dell'Università cattolica del Sacro Cuore.
_aMiscellanea del Centro di studi medioevali ;
_v5
500 _aIncluye índices.
504 _aIncluye referencias bibliográficas en notas.
546 _aTextos en francés, italiano y latín.
650 4 _aSeglares
_xIglesia Católica
_ySiglos 11o.-12o.
_vCongresos
_951718
830 0 _951719
_aPubblicazioni dell'Università cattolica del Sacro Cuore.
_pContributi.
_nSerie terza,
_pVaria
_v5
830 0 _951709
_aPubblicazioni dell'Università cattolica del Sacro Cuore.
_pMiscellanea del Centro di studi medioevali
_v5
942 _cMTS
999 _c26119
_d26119